| 000 | 01222nam a22003257a 4500 | ||
|---|---|---|---|
| 001 | BR8707137 | ||
| 003 | BR-BrBNA | ||
| 005 | 20230928092750.0 | ||
| 007 | ta | ||
| 008 | 230509b bl.||||| |||| 00| 0 por d | ||
| 040 |
_aBR-BrBNA _bpor _cBiblioteca Nacional de Agricultura |
||
| 041 | _a(Por) | ||
| 072 |
_aF02; F01 _b0720 _b1119 _b1190 _b1240 |
||
| 090 | _ 0720 BR8707137 | ||
| 100 | 1 | _aBoliani, A.C. | |
| 110 | 1 |
_aEscola Superior de Agricultura Luiz de Queiroz, Piracicaba, SP (Brasil) _0Tese (Mestrado) |
|
| 245 | 1 | _aEfeitos do estiolamento basal, da juvenilidade e do uso de um regulador vegetal no enraizamento de estacas de raizes e de ramos herbaceos de algumas especies frutiferas | |
| 246 | 1 | _aEffects of basal etiolation, juvenility and the use of a growth regulator on rooting of softwood and root cuttings of some fruit species | |
| 260 | 3 |
_aPiracicaba, SP (Brasil): _c1986. |
|
| 300 | _a129 p. | ||
| 500 | _aSummaries (Eng, Por); Bibliography p. 101-121 (121 ref.); 9 graphs | ||
| 650 | _aAMEIXA | ||
| 650 | _aNESPERA | ||
| 650 | _aESTACA | ||
| 650 | _aPITANGA | ||
| 650 | _aNOZ PECA | ||
| 650 | _aESTIMULANTE DE CRESCIMENTO VEGETAL | ||
| 909 |
_a202309 _bLucia _c55 _dLucia Elande |
||
| 942 | _cBK | ||
| 999 |
_c41069 _d41069 |
||